[Event "ETCC Plovdiv 2003"]
[Site "Plovdiv"]
[Date "2003.10.12"]
[Round "2.15"]
[White "Van Beers, Eddy"]
[Black "Kanep, Meelis"]
[Result "1/2-1/2"]
[WhiteElo "2431"]
[BlackElo "2452"]
[PlyCount "71"]
[EventDate "2003.10.12"]

1. e4 c5 2. c3 b6 3. d4 Bb7 4. Bd3 Nf6 5. Nd2 cxd4 6. cxd4 Nc6 7. Ne2 e5 8. d5
Nb4 9. Bb1 a5 10. O-O Bc5 11. Nb3 d6 12. Ng3 Bc8 13. Nxc5 bxc5 14. f4 Qb6 15.
fxe5 c4+ 16. Kh1 Ng4 17. a3 Na6 18. Qe2 Nxe5 19. Nf5 O-O 20. Be3 Nc5 21. Bd4
Bxf5 22. exf5 f6 23. Ba2 Rfe8 24. Bxc4 Nxc4 25. Qxc4 Qb3 26. Rac1 Qxc4 27. Rxc4
Re4 28. Rfc1 Nd3 29. Rc8+ Rxc8 30. Rxc8+ Kf7 31. Rc7+ Kf8 32. Bc3 Rf4 33. Rc8+
Kf7 34. Rc7+ Kf8 35. Rc8+ Kf7 36. Rc7+ 1/2-1/2

[Event "ETCC Plovdiv 2003"]
[Site "Plovdiv"]
[Date "2003.10.12"]
[Round "2.16"]
[White "Belotti, Bruno"]
[Black "Collins, Sam"]
[Result "1/2-1/2"]
[WhiteElo "2426"]
[BlackElo "2387"]
[PlyCount "48"]
[EventDate "2003.10.12"]

1. c4 e5 2. Nc3 Nf6 3. Nf3 Nc6 4. d3 Bb4 5. Bg5 h6 6. Bxf6 Qxf6 7. Nd2 Bxc3 8.
bxc3 O-O 9. g3 b6 10. Bg2 Bb7 11. O-O Rae8 12. e4 Qd6 13. Qc2 Kh8 14. Rae1 Nd8
15. f4 exf4 16. Rxf4 f5 17. Ref1 fxe4 18. Nxe4 Bxe4 19. Rxf8+ Rxf8 20. Rxf8+
Qxf8 21. Bxe4 Ne6 22. d4 Ng5 23. h4 Nxe4 24. Qxe4 Qd6 1/2-1/2

[Event "ETCC Plovdiv 2003"]
[Site "Plovdiv"]
[Date "2003.10.12"]
[Round "2.16"]
[White "McMahon, Daire"]
[Black "D'Amore, Carlo"]
[Result "1/2-1/2"]
[WhiteElo "2221"]
[BlackElo "2435"]
[PlyCount "75"]
[EventDate "2003.10.12"]

1. d4 Nf6 2. c4 c5 3. d5 b5 4. cxb5 a6 5. e3 g6 6. Nc3 Bg7 7. Nf3 O-O 8. a4 Bb7
9. Rb1 Qa5 10. Bd2 Qb4 11. h3 c4 12. Ne4 Qb3 13. Nxf6+ Bxf6 14. Qxb3 cxb3 15.
Bc4 axb5 16. axb5 Rc8 17. Bxb3 Rc5 18. Nd4 Bxd5 19. Bb4 Bxg2 20. Bxc5 Bxh1 21.
Rc1 d6 22. Ba3 Nd7 23. Rc7 Nb6 24. Nc6 Kf8 25. Bxd6 Bd5 26. Nxe7 Bxb3 27. Nd5+
Kg7 28. Nxb6 Ra1+ 29. Ke2 Rb1 30. Ba3 Bxb2 31. Bxb2+ Rxb2+ 32. Kd3 Be6 33. Rc5
Bxh3 34. Nc4 Bf1+ 35. Kc3 Rb1 36. Kc2 Rb4 37. Kc3 Rb1 38. Kc2 1/2-1/2

[Event "ETCC Plovdiv 2003"]
[Site "Plovdiv"]
[Date "2003.10.12"]
[Round "2.16"]
[White "Borgo, Giulio"]
[Black "Fox, Anthony"]
[Result "1-0"]
[WhiteElo "2419"]
[BlackElo "2126"]
[PlyCount "71"]
[EventDate "2003.10.12"]

1. e4 e5 2. Nf3 Nc6 3. Bb5 a6 4. Ba4 Nf6 5. O-O Be7 6. Bxc6 dxc6 7. d3 Bd6 8.
Nbd2 c5 9. Nc4 Nd7 10. c3 O-O 11. d4 cxd4 12. cxd4 Qe7 13. b3 f6 14. Bb2 Kh8
15. Rc1 exd4 16. Nxd6 Qxd6 17. Nxd4 Ne5 18. f4 Ng4 19. Qf3 Qb6 20. Rfd1 Nh6 21.
h3 Bd7 22. Kh1 Rfe8 23. Re1 Nf7 24. Qc3 Rac8 25. Ba3 c5 26. Bxc5 Qc7 27. Qd2
Qb8 28. Ba3 Rcd8 29. Qf2 Bc8 30. Bb2 Re7 31. Qg3 Rde8 32. e5 fxe5 33. Nf3 Nh6
34. Bxe5 Nf5 35. Qg5 h6 36. Qxe7 1-0

[Event "ETCC Plovdiv 2003"]
[Site "Plovdiv"]
[Date "2003.10.12"]
[Round "2.17"]
[White "Genov, Petar"]
[Black "Shaw, John"]
[Result "1/2-1/2"]
[WhiteElo "2494"]
[BlackElo "2465"]
[PlyCount "39"]
[EventDate "2003.10.12"]

1. d4 d5 2. c4 c6 3. Nf3 Nf6 4. Nc3 dxc4 5. a4 Bf5 6. Ne5 Nbd7 7. Nxc4 Nb6 8.
Ne5 a5 9. f3 Nfd7 10. Nxd7 Nxd7 11. e4 Bg6 12. Be3 Qb6 13. Qd2 e5 14. dxe5 Bc5
15. Bxc5 Qxc5 16. Qf2 Qxf2+ 17. Kxf2 Nxe5 18. Rd1 f6 19. Be2 Ke7 20. f4 1/2-1/2

[Event "ETCC Plovdiv 2003"]
[Site "Plovdiv"]
[Date "2003.10.12"]
[Round "2.17"]
[White "Muir, Andrew J"]
[Black "Petrov, Marijan"]
[Result "1/2-1/2"]
[WhiteElo "2294"]
[BlackElo "2471"]
[PlyCount "119"]
[EventDate "2003.10.12"]

1. d4 g6 2. e4 Bg7 3. c4 c5 4. d5 d6 5. Nc3 e6 6. f3 exd5 7. cxd5 a6 8. a4 f5
9. Bd3 fxe4 10. Nxe4 Nf6 11. Bg5 Qa5+ 12. Bd2 Qc7 13. Bc3 Nxe4 14. Bxe4 O-O 15.
Ne2 Nd7 16. Bxg7 Kxg7 17. O-O Nf6 18. Nc3 Bd7 19. a5 Rae8 20. Re1 Re7 21. Bc2
Rfe8 22. Rxe7+ Rxe7 23. Ne4 Nxe4 24. Bxe4 Re5 25. Qc2 Qd8 26. Qc3 Qf6 27. Rb1
Bf5 28. b4 Bxe4 29. fxe4 Rxe4 30. Qxf6+ Kxf6 31. bxc5 dxc5 32. Rxb7 Ke5 33. Rb6
Kxd5 34. Rxa6 c4 35. Ra8 c3 36. Rd8+ Kc4 37. a6 Re1+ 38. Kf2 Ra1 39. Rc8+ Kb3
40. Rb8+ Kc2 41. Rb6 Kd2 42. Rd6+ Kc1 43. Rc6 c2 44. Ke2 Ra2 45. Rb6 g5 46. h3
h5 47. Rc6 Ra5 48. Kd3 Rd5+ 49. Ke2 Rd2+ 50. Ke1 Rd7 51. Ke2 Re7+ 52. Kf2 g4
53. hxg4 hxg4 54. Rc8 Rd7 55. Ke2 g3 56. Rc6 Re7+ 57. Kf3 Kd2 58. Rd6+ Ke1 59.
Rc6 Kd1 60. Rd6+ 1/2-1/2

[Event "ETCC Plovdiv 2003"]
[Site "Plovdiv"]
[Date "2003.10.12"]
[Round "2.17"]
[White "Vasilev, Milen"]
[Black "Upton, Timothy J"]
[Result "1/2-1/2"]
[WhiteElo "2451"]
[BlackElo "2287"]
[PlyCount "118"]
[EventDate "2003.10.12"]

1. d4 d5 2. Bf4 Nf6 3. Nf3 Bf5 4. e3 e6 5. Be2 Bd6 6. Ne5 Bxe5 7. Bxe5 Nbd7 8.
Bf4 O-O 9. O-O Qe7 10. c4 dxc4 11. Bxc4 e5 12. Bg3 Ne4 13. Nc3 Nxg3 14. hxg3
exd4 15. Qxd4 Ne5 16. Bb3 c6 17. Rfd1 Rfd8 18. Qf4 Bg6 19. e4 Nd3 20. Qe3 Nc5
21. Bc2 a5 22. g4 b5 23. f3 f6 24. Ne2 Ne6 25. Bb3 a4 26. Bxe6+ Qxe6 27. Qb6
Rdb8 28. Qc5 Qc4 29. Qxc4+ bxc4 30. Rd2 a3 31. bxa3 Rxa3 32. Rc1 Bf7 33. Kf2
Kf8 34. Rcc2 Rd3 35. Nc3 Rbd8 36. Ke2 Ke7 37. Rd1 Rxd1 38. Nxd1 Ra8 39. Nc3 Kd6
40. Rd2+ Kc5 41. Rd7 Be6 42. Rxg7 Ra3 43. Kd2 Kd4 44. Re7 Rxc3 45. Rxe6 Ra3 46.
Rd6+ Kc5 47. Rxf6 Rxa2+ 48. Kc3 Ra3+ 49. Kb2 Re3 50. Rf7 h6 51. Rf6 Kb4 52.
Rxc6 Re2+ 53. Kc1 Rxg2 54. Kd1 Kc3 55. e5 Rf2 56. Ra6 Kd4 57. e6 Rxf3 58. e7
Re3 59. Rd6+ Kc5 1/2-1/2

[Event "ETCC Plovdiv 2003"]
[Site "Plovdiv"]
[Date "2003.10.12"]
[Round "2.18"]
[White "Bakalarz, Mieczyslaw"]
[Black "Neubauer, Martin"]
[Result "1-0"]
[WhiteElo "2320"]
[BlackElo "2434"]
[PlyCount "121"]
[EventDate "2003.10.12"]

1. d4 Nf6 2. c4 g6 3. Nc3 d5 4. Bf4 Bg7 5. e3 c5 6. dxc5 Qa5 7. Qa4+ Qxa4 8.
Nxa4 Be6 9. Nf3 dxc4 10. Rc1 Bd7 11. Rxc4 Nd5 12. Be5 f6 13. e4 b5 14. cxb6
Nxb6 15. Nxb6 axb6 16. Bxb8 Rxb8 17. Rc7 Rc8 18. Rxc8+ Bxc8 19. Bb5+ Kf7 20.
Ke2 Bg4 21. Bc4+ e6 22. Rd1 Ke7 23. h3 Bxf3+ 24. Kxf3 Rc8 25. b3 f5 26. g4 Be5
27. gxf5 exf5 28. exf5 gxf5 29. Ke3 Rc6 30. f4 Rd6 31. Bd5 Bb2 32. Rb1 Bg7 33.
Bc4 Bc3 34. Kf3 Bd2 35. Rg1 Rg6 36. Rd1 Rd6 37. Bg8 h6 38. Bh7 Kf6 39. Rg1 Rd4
40. Rg6+ Kf7 41. Rxb6 Rxf4+ 42. Ke2 Bc1 43. a4 Kg7 44. Rb7+ Kf6 45. a5 Re4+ 46.
Kd1 Be3 47. b4 Re6 48. Ke2 Kg5 49. Kf3 Bd2 50. Rb5 Re3+ 51. Kg2 Rb3 52. a6 Ra3
53. Rxf5+ Kh4 54. Ra5 Rxa5 55. bxa5 Be3 56. Kf3 Bg1 57. Ke4 Kg3 58. Kd5 Kf3 59.
Kc6 Ke2 60. Kb7 Kd2 61. a7 1-0

[Event "ETCC Plovdiv 2003"]
[Site "Plovdiv"]
[Date "2003.10.12"]
[Round "2.18"]
[White "Weiss, Christian"]
[Black "Wagener, Claude"]
[Result "1/2-1/2"]
[WhiteElo "2402"]
[BlackElo "2217"]
[PlyCount "56"]
[EventDate "2003.10.12"]

1. c4 Nf6 2. Nf3 g6 3. Nc3 d5 4. cxd5 Nxd5 5. Qa4+ Bd7 6. Qc2 Nb6 7. d4 Bg7 8.
e4 O-O 9. h3 Nc6 10. Be3 e5 11. dxe5 Nxe5 12. Nxe5 Bxe5 13. Be2 Be6 14. O-O Nc4
15. Bxc4 Bxc4 16. Rfd1 Qf6 17. Nd5 Bxd5 18. Rxd5 b6 19. Rad1 c5 20. b3 Rfd8 21.
Qd2 Rxd5 22. Qxd5 Re8 23. b4 cxb4 24. Qb5 Qe6 25. Qxb4 Qxa2 26. Qb5 Qe6 27. Qa4
Bg7 28. Qxa7 Qxe4 1/2-1/2

[Event "ETCC Plovdiv 2003"]
[Site "Plovdiv"]
[Date "2003.10.12"]
[Round "2.18"]
[White "Weber, Jean-Marie"]
[Black "Schroll, Gerhard"]
[Result "1-0"]
[WhiteElo "2186"]
[BlackElo "2417"]
[PlyCount "97"]
[EventDate "2003.10.12"]

1. d4 Nf6 2. c4 g6 3. g3 Bg7 4. Bg2 O-O 5. Nc3 d6 6. Nf3 Nbd7 7. O-O e5 8. e4
c6 9. b3 exd4 10. Nxd4 Re8 11. h3 Nc5 12. Re1 a5 13. Rb1 Nfd7 14. Be3 Nf8 15.
Qd2 Nfe6 16. Rbd1 Bf8 17. f4 Qb6 18. Nc2 Ng7 19. Na4 Qa6 20. Nxc5 dxc5 21. Qf2
b6 22. a4 Qb7 23. g4 f5 24. gxf5 gxf5 25. e5 Be6 26. Qf3 Rac8 27. Rd3 Qf7 28.
Kh2 b5 29. Na3 bxa4 30. bxa4 Bxc4 31. Nxc4 Qxc4 32. Rd7 Qxa4 33. Red1 c4 34.
Qg3 Re6 35. R1d6 Rce8 36. Bc5 Qb3 37. Bf3 Qa2+ 38. Rd2 Qxd2+ 39. Rxd2 Bxc5 40.
Be2 Rg6 41. Bxc4+ Kh8 42. Qf3 Rf8 43. e6 Be7 44. Qxc6 Bh4 45. Qc5 Rb8 46. Rg2
Rxg2+ 47. Kxg2 Rb2+ 48. Kf3 h5 49. e7 1-0

[Event "ETCC Plovdiv 2003"]
[Site "Plovdiv"]
[Date "2003.10.12"]
[Round "2.1"]
[White "Grischuk, Alexander"]
[Black "Illescas Cordoba, Miguel"]
[Result "1/2-1/2"]
[WhiteElo "2732"]
[BlackElo "2602"]
[PlyCount "41"]
[EventDate "2003.10.12"]

1. e4 c5 2. Nf3 Nc6 3. d4 cxd4 4. Nxd4 Nf6 5. Nc3 e5 6. Ndb5 d6 7. Bg5 a6 8.
Na3 b5 9. Bxf6 gxf6 10. Nd5 f5 11. Bd3 Be6 12. O-O Bxd5 13. exd5 Ne7 14. Qh5 e4
15. Be2 Bg7 16. c3 O-O 17. Nc2 f4 18. f3 f5 19. fxe4 fxe4 20. Bg4 Qc7 21. Rae1
1/2-1/2

[Event "ETCC Plovdiv 2003"]
[Site "Plovdiv"]
[Date "2003.10.12"]
[Round "2.5"]
[White "Kozul, Zdenko"]
[Black "Macieja, Bartlomiej"]
[Result "1/2-1/2"]
[WhiteElo "2597"]
[BlackElo "2635"]
[PlyCount "87"]
[EventDate "2003.10.12"]

1. d4 Nf6 2. c4 e6 3. Nf3 b6 4. a3 Bb7 5. Nc3 d5 6. cxd5 Nxd5 7. Qc2 Nxc3 8.
Qxc3 Nd7 9. Bg5 Be7 10. Bxe7 Kxe7 11. g3 Nf6 12. Bg2 Qd6 13. O-O c5 14. dxc5
Qxc5 15. Qxc5+ bxc5 16. Ne5 Bxg2 17. Kxg2 Nd7 18. Nc6+ Kd6 19. Na5 Rhc8 20.
Rfd1+ Ke7 21. Rd2 Nb6 22. Rc1 Rc7 23. b3 Rac8 24. Rdc2 h5 25. e4 g5 26. e5 Nd7
27. Re1 Nb6 28. Nc4 Nxc4 29. Rxc4 Rd8 30. Re3 Rd4 31. Rxd4 cxd4 32. Rd3 Rc3 33.
Rxd4 Rxb3 34. Ra4 Rb7 35. h3 Kf8 36. Ra5 Kg7 37. g4 h4 38. a4 Rc7 39. Ra6 Rc5
40. Rxa7 Rxe5 41. Rb7 Re4 42. a5 Ra4 43. Rb5 Kg6 44. Rc5 1/2-1/2

[Event "ETCC Plovdiv 2003"]
[Site "Plovdiv"]
[Date "2003.10.12"]
[Round "2.15"]
[White "Seeman, Tarvo"]
[Black "Claesen, Pieter"]
[Result "1/2-1/2"]
[WhiteElo "2429"]
[BlackElo "2382"]
[PlyCount "148"]
[EventDate "2003.10.12"]

1. e4 c6 2. c4 d5 3. cxd5 cxd5 4. exd5 Nf6 5. Nc3 Nxd5 6. Nf3 Nxc3 7. bxc3 g6
8. Bb5+ Bd7 9. a4 Bg7 10. O-O O-O 11. Ba3 a6 12. Bxd7 Qxd7 13. Re1 Nc6 14. d4
Rfd8 15. Qe2 Rac8 16. Rad1 e6 17. Bc5 Re8 18. h4 Qc7 19. Rb1 e5 20. d5 Nb8 21.
Bb4 a5 22. Ba3 Qxc3 23. Qa2 e4 24. Ng5 e3 25. fxe3 Bd4 26. Kh1 Bxe3 27. Nf3 Re4
28. Qb3 Nd7 29. Qxc3 Rxc3 30. Rxb7 Rxa3 31. Rxd7 Raxa4 32. g3 Bc5 33. Rc1 Re3
34. Rf1 h6 35. d6 Raa3 36. Rd8+ Kg7 37. d7 Rad3 38. h5 Be7 39. Re8 Rxd7 40.
hxg6 fxg6 41. Ra8 Rdd3 42. Kg2 Ra3 43. Ra7 a4 44. Rf2 Kg8 45. Ra8+ Kg7 46. Ra7
h5 47. Rf1 Ra2+ 48. Kg1 Raa3 49. Kg2 Kh6 50. Ra6 Bc5 51. Ra5 Bb4 52. Ra6 Be7
53. Rf2 Bc5 54. Rf1 Ra2+ 55. Kh3 Raa3 56. Kg2 Re2+ 57. Kh3 Bf2 58. Kg2 Be1+ 59.
Kh3 Rf2 60. Rxf2 Bxf2 61. Kg2 Ra2 62. Nh4 a3 63. Nxg6 Kg5 64. Nf4 Be3+ 65. Kf3
Bxf4 66. Ra5+ Kg6 67. gxf4 Ra1 68. Ra6+ Kf5 69. Ra5+ Ke6 70. Kg2 h4 71. Kh2 Kd6
72. Kg2 Kc6 73. f5 Kb6 74. Ra8 h3+ 1/2-1/2

[Event "ETCC Plovdiv 2003"]
[Site "Plovdiv"]
[Date "2003.10.12"]
[Round "2.15"]
[White "Dutreeuw, Marc"]
[Black "Sepp, Olav"]
[Result "1/2-1/2"]
[WhiteElo "2321"]
[BlackElo "2429"]
[PlyCount "26"]
[EventDate "2003.10.12"]

1. e4 e5 2. Nf3 Nc6 3. Bb5 Nf6 4. O-O Nxe4 5. d4 Nd6 6. Bxc6 dxc6 7. dxe5 Nf5
8. Qxd8+ Kxd8 9. Nc3 Ke8 10. h3 Ne7 11. Nd4 Nf5 12. Nf3 Ne7 13. Nd4 Nf5 1/2-1/2

[Event "ETCC Plovdiv 2003"]
[Site "Plovdiv"]
[Date "2003.10.12"]
[Round "2.18"]
[White "Volkmann, Friedrich"]
[Black "David, Alberto"]
[Result "1/2-1/2"]
[WhiteElo "2452"]
[BlackElo "2560"]
[PlyCount "35"]
[EventDate "2003.10.12"]

1. e4 c5 2. Nf3 d6 3. d4 cxd4 4. Nxd4 Nf6 5. Nc3 e6 6. g4 h6 7. Be3 Nc6 8. f3
a6 9. Qe2 Nxd4 10. Bxd4 e5 11. Be3 Be6 12. O-O-O Rc8 13. Kb1 Rxc3 14. bxc3 Qa5
15. c4 Qb4+ 16. Ka1 Qc3+ 17. Kb1 Qb4+ 18. Ka1 1/2-1/2

[Event "ETCC Plovdiv 2003"]
[Site "Plovdiv"]
[Date "2003.10.12"]
[Round "2.14"]
[White "Atakisi, Umut"]
[Black "Lalic, Bogdan"]
[Result "1/2-1/2"]
[WhiteElo "2311"]
[BlackElo "2503"]
[PlyCount "30"]
[EventDate "2003.10.12"]

1. e4 c5 2. Nf3 e6 3. d4 cxd4 4. Nxd4 a6 5. Nc3 Qc7 6. Bd3 Nc6 7. Be3 Nf6 8.
O-O h5 9. h3 Nxd4 10. Bxd4 Bc5 11. Bxc5 Qxc5 12. Qe2 d6 13. Rae1 Bd7 14. e5
dxe5 15. Qxe5 Qxe5 1/2-1/2

[Event "ETCC Plovdiv 2003"]
[Site "Plovdiv"]
[Date "2003.10.13"]
[Round "3.3"]
[White "Pavlovic, Milos"]
[Black "Pelletier, Yannick"]
[Result "1/2-1/2"]
[WhiteElo "2593"]
[BlackElo "2604"]
[PlyCount "70"]
[EventDate "2003.10.13"]

1. e4 c5 2. Nf3 d6 3. d4 cxd4 4. Nxd4 Nf6 5. Nc3 a6 6. Bg5 e6 7. f4 Qb6 8. Qd2
Nc6 9. Bxf6 gxf6 10. Nb3 Bd7 11. O-O-O h5 12. Kb1 O-O-O 13. Be2 Kb8 14. Rhf1
Be7 15. Rf3 Rdg8 16. Bf1 h4 17. a3 Rh5 18. Na4 Qc7 19. Qf2 b5 20. Nc3 f5 21. e5
dxe5 {Diagram #} 22. Bxb5 axb5 23. Nxb5 Qb7 24. Nc5 Bxc5 25. Qxc5 Ka8 26. Rb3
Rc8 27. Nd6 Qa7 28. Rb6 Ne7 29. Qb4 Nd5 30. Rxd5 exd5 31. Rb7 Qa4 32. Qb6 Rh6
33. Rxd7 Qxd7 34. Qa6+ Kb8 35. Qb6+ Ka8 1/2-1/2

[Event "ETCC Plovdiv 2003"]
[Site "Plovdiv"]
[Date "2003.10.13"]
[Round "3.3"]
[White "Perunovic, Milos"]
[Black "Landenbergue, Claude"]
[Result "1-0"]
[WhiteElo "2534"]
[BlackElo "2441"]
[PlyCount "87"]
[EventDate "2003.10.13"]

1. e4 c5 2. Nf3 d6 3. d4 cxd4 4. Nxd4 Nf6 5. Nc3 a6 6. Bg5 Nc6 7. Qd2 e6 8.
O-O-O Bd7 9. f3 Be7 10. g4 h5 11. gxh5 Rxh5 12. h4 Qb6 13. Nb3 Qc7 14. f4 O-O-O
15. Bg2 Kb8 16. Rhe1 Bc8 17. Qe2 Rhh8 18. Bf3 g6 19. e5 dxe5 20. Bxc6 bxc6 21.
fxe5 Nd5 22. Na4 Bxg5+ 23. hxg5 Qe7 24. Kb1 Qxg5 25. a3 Qh5 26. Qc4 Qh4 27. Nd4
Bb7 28. Nc5 Nb6 29. Qb4 Ka7 30. Re3 Qe7 31. Rb3 Qc7 32. Rf1 Rh7 33. Ka2 Rb8 34.
Qa5 Nd5 35. Rxb7+ Rxb7 36. Qxa6+ Kb8 37. Nxc6+ Kc8 38. Qa8+ Rb8 39. Nxb8 Qxb8
40. Qa6+ Kd8 41. Nxe6+ Ke7 42. Ng5 Rg7 43. Rxf7+ Rxf7 44. Qe6+ 1-0

[Event "ETCC Plovdiv 2003"]
[Site "Plovdiv"]
[Date "2003.10.13"]
[Round "3.4"]
[White "Krasenkow, Michal"]
[Black "Eljanov, Pavel"]
[Result "1/2-1/2"]
[WhiteElo "2597"]
[BlackElo "2597"]
[PlyCount "80"]
[EventDate "2003.10.13"]

1. d4 Nf6 2. c4 g6 3. Nc3 d5 4. cxd5 Nxd5 5. e4 Nxc3 6. bxc3 Bg7 7. Be3 c5 8.
Qd2 O-O 9. Rc1 Qa5 10. d5 e6 11. Nf3 exd5 12. exd5 Bg4 13. Ng5 Na6 14. h3 Bf5
15. g4 Bd7 16. Bg2 c4 17. O-O Nc5 18. Bxc5 Qxc5 19. Ne4 Qa3 20. Qf4 f5 21. Qc7
fxe4 22. Qxd7 Bxc3 23. d6 Rad8 24. Qxb7 Rxd6 25. Qxe4 Kh8 26. Qxc4 Be5 27. Rfe1
Rd4 28. Qe6 Bf6 29. Rc8 Rdd8 30. Rxd8 Bxd8 31. f4 Qg3 32. Rf1 Bb6+ 33. Kh1 Qe3
34. Qxe3 Bxe3 35. f5 gxf5 36. gxf5 Kg7 37. Bd5 Kf6 38. Be6 Rd8 39. Rb1 Bb6 40.
Rb4 Rd4 1/2-1/2

[Event "ETCC Plovdiv 2003"]
[Site "Plovdiv"]
[Date "2003.10.13"]
[Round "3.5"]
[White "Gyimesi, Zoltan"]
[Black "Gagunashvili, Merab"]
[Result "1/2-1/2"]
[WhiteElo "2537"]
[BlackElo "2582"]
[PlyCount "100"]
[EventDate "2003.10.13"]

1. d4 d5 2. c4 c6 3. Nf3 Nf6 4. Nc3 dxc4 5. a4 Bf5 6. Ne5 Nbd7 7. Nxc4 Nb6 8.
Ne5 a5 9. g3 e6 10. Bg2 Bb4 11. O-O O-O 12. e3 Nfd7 13. e4 Bg6 14. Nxg6 hxg6
15. e5 c5 16. Bxb7 Rb8 17. Bg2 cxd4 18. Qxd4 Nc5 19. Qg4 Nb3 20. Bg5 Qd4 21.
Ne4 Qxe5 22. Bf4 Qf5 23. Qh4 Qh5 24. Qxh5 gxh5 25. Bxb8 Nxa1 26. Ba7 Nc8 27.
Bc5 Bxc5 28. Nxc5 Nc2 29. Nb7 Nb6 30. b3 Ra8 31. Rc1 Nd4 32. Rc5 Nd7 33. Rxa5
Rc8 34. Nd6 Rc1+ 35. Bf1 Ne5 36. Kg2 Ndf3 37. Ne4 h4 38. gxh4 Nxh4+ 39. Kh3
Nhg6 40. Bc4 Rg1 41. Ng3 Kh7 42. Ne2 Re1 43. Ba6 f5 44. Rc5 Rf1 45. Kg2 Rb1 46.
f4 Ng4 47. Rc3 Rb2 48. Kf1 Rb1+ 49. Kg2 Rb2 50. Kf1 Rb1+ 1/2-1/2

[Event "ETCC Plovdiv 2003"]
[Site "Plovdiv"]
[Date "2003.10.13"]
[Round "3.7"]
[White "Nyback, Tomi"]
[Black "Radjabov, Teimour"]
[Result "1/2-1/2"]
[WhiteElo "2497"]
[BlackElo "2650"]
[PlyCount "44"]
[EventDate "2003.10.13"]

1. Nf3 Nf6 2. c4 g6 3. Nc3 Bg7 4. e4 d6 5. d4 O-O 6. Be2 e5 7. O-O Nc6 8. d5
Ne7 9. b4 Nh5 10. Re1 f5 11. Ng5 Nf6 12. Bf3 c6 13. Be3 h6 14. Ne6 Bxe6 15.
dxe6 fxe4 16. Nxe4 Nxe4 17. Bxe4 d5 18. cxd5 cxd5 19. Bc2 b6 20. Qg4 e4 21.
Rad1 Qc7 22. Bb3 Rad8 1/2-1/2

[Event "ETCC Plovdiv 2003"]
[Site "Plovdiv"]
[Date "2003.10.13"]
[Round "3.8"]
[White "Iotov, Valentin"]
[Black "San Segundo, Pablo"]
[Result "1/2-1/2"]
[WhiteElo "2280"]
[BlackElo "2524"]
[PlyCount "65"]
[EventDate "2003.10.13"]

1. d4 Nf6 2. c4 e6 3. Nc3 Bb4 4. e3 b6 5. Bd3 Bb7 6. Nf3 Ne4 7. O-O Bxc3 8.
bxc3 O-O 9. Ne1 f5 10. f3 Ng5 11. a4 d6 12. a5 Nd7 13. a6 Bc8 14. e4 f4 15. h4
Nf7 16. Bxf4 Qxh4 17. g3 Qe7 18. Ng2 e5 19. Be3 Nf6 20. g4 h6 21. Qd2 Nh7 22.
Qf2 g5 23. Bd2 Re8 24. Ne3 Nf8 25. Bc2 Bd7 26. Ba4 Bxa4 27. Rxa4 Ne6 28. Nf5
Qd7 29. Ra2 Ng7 30. Ne3 Ne6 31. Nf5 Ng7 32. Ne3 Ne6 33. Nf5 1/2-1/2

[Event "ETCC Plovdiv 2003"]
[Site "Plovdiv"]
[Date "2003.10.13"]
[Round "3.9"]
[White "Bauer, Christian"]
[Black "Butnorius, Algimantas"]
[Result "1-0"]
[WhiteElo "2602"]
[BlackElo "2424"]
[PlyCount "89"]
[EventDate "2003.10.13"]

1. e4 e5 2. Nf3 Nc6 3. Bb5 a6 4. Ba4 Nf6 5. O-O Be7 6. Re1 b5 7. Bb3 d6 8. c3
O-O 9. h3 h6 10. d4 Re8 11. Nbd2 Bf8 12. Bc2 Bd7 13. d5 Ne7 14. b3 c6 15. c4
Qc7 16. Nf1 bxc4 17. bxc4 cxd5 18. cxd5 Rec8 19. Bd3 Bb5 20. a4 Bxd3 21. Qxd3
Nd7 22. Ba3 Nc5 23. Bxc5 Qxc5 24. Ne3 Ng6 25. g3 Be7 26. Kg2 Bd8 27. Rec1 Qxc1
28. Rxc1 Rxc1 29. Qa3 Rc5 30. Nf5 Be7 31. h4 Bf8 32. h5 Nh8 33. Qb4 g6 34. Qb7
Rd8 35. Ne7+ Bxe7 36. Qxe7 Rcc8 37. Nh4 a5 38. Qf6 Rf8 39. Qxd6 Kh7 40. Qxe5
Rce8 41. Qf6 Kg8 42. e5 Rd8 43. e6 fxe6 44. Qxe6+ Kg7 45. hxg6 1-0

[Event "ETCC Plovdiv 2003"]
[Site "Plovdiv"]
[Date "2003.10.13"]
[Round "3.10"]
[White "Azarov, Sergei"]
[Black "Bakalarz, Mieczyslaw"]
[Result "1-0"]
[WhiteElo "2542"]
[BlackElo "2320"]
[PlyCount "115"]
[EventDate "2003.10.13"]

1. e4 c5 2. Nf3 e6 3. d4 cxd4 4. Nxd4 Nf6 5. Nc3 Nc6 6. Ndb5 Bb4 7. a3 Bxc3+ 8.
Nxc3 d5 9. exd5 exd5 10. Bd3 O-O 11. O-O d4 12. Ne2 Qd5 13. c4 dxc3 14. Nxc3
Qh5 15. Qxh5 Nxh5 16. Nd5 Rd8 17. Be4 Bf5 18. Bxf5 Rxd5 19. Be4 Rb5 20. Rd1 Nf6
21. Bf3 Re8 22. Kf1 Ne5 23. Be2 Rb3 24. h3 Ne4 25. a4 h6 26. Bb5 Re6 27. Re1
Nc5 28. Be3 Ncd3 29. Red1 a6 30. Bxd3 Rxd3 31. Rxd3 Nxd3 32. b3 Rc6 33. Rd1 Rc3
34. Ke2 Ne5 35. Rd8+ Kh7 {Diagram #} 36. Bd4 Rc2+ 37. Kd1 Nc6 38. Kxc2 Nxd8 39.
Kd3 Ne6 40. Be3 f5 41. Kc4 f4 42. Bd2 Kg6 43. Kd5 Kf5 44. g4+ fxg3 45. fxg3 h5
46. g4+ hxg4 47. hxg4+ Kf6 48. Kd6 Kf7 49. Be3 Kf6 50. a5 g5 51. b4 Nf4 52.
Bd4+ Kf7 53. Bc5 Ne6 54. Kd7 Kf6 55. Kc8 Ke5 56. Kxb7 Kf4 57. Kxa6 Kxg4 58. Kb6
1-0

[Event "ETCC Plovdiv 2003"]
[Site "Plovdiv"]
[Date "2003.10.13"]
[Round "3.10"]
[White "Kupreichik, Viktor"]
[Black "Weber, Jean-Marie"]
[Result "1-0"]
[WhiteElo "2496"]
[BlackElo "2186"]
[PlyCount "61"]
[EventDate "2003.10.13"]

1. e4 c5 2. Ne2 Nf6 3. Nbc3 d6 4. d4 cxd4 5. Nxd4 a6 6. g3 e5 7. Nb3 Be7 8. Bg2
O-O 9. O-O Be6 10. f4 Nbd7 11. f5 Bc4 12. Re1 a5 13. Nd2 Ba6 14. a4 Qc7 15. Nf1
Nb6 16. Ne3 Rfd8 17. Qf3 Rac8 18. Kh1 Qc6 19. g4 Nfd7 20. Qg3 Nc5 21. g5 g6 22.
Ng4 Ncxa4 23. Nxa4 Nxa4 24. Qb3 Nc5 25. Nh6+ Kh8 26. Nxf7+ Kg7 27. f6+ Bxf6 28.
gxf6+ Kf8 29. Bh6+ Ke8 30. Nxd8 Nxb3 31. f7+ 1-0

[Event "ETCC Plovdiv 2003"]
[Site "Plovdiv"]
[Date "2003.10.13"]
[Round "3.11"]
[White "Babula, Vlastimil"]
[Black "Theocharides, Constantinos"]
[Result "1-0"]
[WhiteElo "2567"]
[BlackElo "2105"]
[PlyCount "29"]
[EventDate "2003.10.13"]

1. d4 f5 2. g3 Nf6 3. Bg2 g6 4. c4 Bg7 5. Nc3 d6 6. d5 Na6 7. Nh3 O-O 8. Nf4
Qe8 9. h4 Nc5 10. Nb5 Qd8 11. Nd4 a5 12. b3 Nfe4 13. Bb2 e5 14. dxe6 Qe7 15.
Nd5 1-0

[Event "ETCC Plovdiv 2003"]
[Site "Plovdiv"]
[Date "2003.10.13"]
[Round "3.12"]
[White "Georgiev, Vladimir"]
[Black "Zeidler, Sven P"]
[Result "1-0"]
[WhiteElo "2596"]
[BlackElo "2246"]
[PlyCount "59"]
[EventDate "2003.10.13"]

1. c4 f5 2. g3 Nf6 3. Bg2 g6 4. d4 Bg7 5. Nf3 O-O 6. b4 d6 7. Bb2 c6 8. O-O Qe8
9. Nbd2 h6 10. Qb3 Qf7 11. a4 Na6 12. Ne1 Bd7 13. b5 Nc7 14. Nd3 Rab8 15. Rab1
a6 16. b6 Ne6 17. d5 Nd8 18. e4 fxe4 19. Nxe4 Nxe4 20. Bxe4 Bf5 21. Rbe1 Bh3
22. Bxg7 Kxg7 23. Nf4 Bxf1 24. Bxg6 Qxf4 25. gxf4 Kxg6 26. Kxf1 Rf7 27. Qh3 Kg7
28. Qg4+ Kf8 29. Qd7 cxd5 30. cxd5 1-0

[Event "ETCC Plovdiv 2003"]
[Site "Plovdiv"]
[Date "2003.10.13"]
[Round "3.12"]
[White "Nedev, Trajce"]
[Black "Trevelyan, John"]
[Result "1-0"]
[WhiteElo "2480"]
[BlackElo "2150"]
[PlyCount "51"]
[EventDate "2003.10.13"]

1. e4 d6 2. d4 e5 3. Nf3 Nf6 4. dxe5 Nxe4 5. Qd5 Nc5 6. Bg5 Be7 7. exd6 Qxd6 8.
Nc3 h6 9. Be3 c6 10. Qxd6 Bxd6 11. O-O-O Be7 12. Bc4 Be6 13. Bxc5 Bxc4 14. Bxe7
Kxe7 15. Nd4 Be6 16. Rhe1 Re8 17. Ne4 Kf8 18. Nd6 Re7 19. N6f5 Re8 20. Nxe6+
fxe6 21. Nd4 Kf7 22. Rd3 Nd7 23. Nxc6 bxc6 24. Rxd7+ Re7 25. Rd6 Rc8 26. Kd2
1-0